Normal view
MARC view
- Wengenmayr, Roland
Entry Personal Name
001 - CONTROL NUMBER
- control field: 82335
003 - CONTROL NUMBER IDENTIFIER
- control field: NUST
005 - DATE AND TIME OF LATEST TRANSACTION
- control field: 20210909120122.0
008 - FIXED-LENGTH DATA ELEMENTS
- fixed length control field: 210909|| aca||aabn | a|a d
040 ## - CATALOGING SOURCE
- Original cataloging agency: NUST
- Transcribing agency: NUST
100 ## - HEADING--PERSONAL NAME
- Personal name: Wengenmayr, Roland
670 ## - SOURCE DATA FOUND
- Source citation: Work cat.: (NUST)32987: Wengenmayr, Roland, Renewable energy:, c2008.
